Rozvojová agenda OSN po roku 2015: ex ante hodnotenie diplomová práca

Gespeichert in:
Bibliographische Detailangaben
1. Verfasser: Desiatniková, Jana
Körperschaft: Fakulta medzinárodných vzťahov EU. Katedra medzinárodných ekonomických vzťahov a hospodárskej diplomacie
Weitere Verfasser: Černota, Mikuláš, 1979-
Format: Buch
Sprache:Slowakisch
Veröffentlicht: Bratislava 2016
Tags: Tag hinzufügen
Keine Tags, Fügen Sie das erste Tag hinzu!

MARC

LEADER 00000nbm a2200000 4500
001 0221455
005 20170209153431.9
041 0 |a slo 
044 |a SK 
245 1 0 |a Rozvojová agenda OSN po roku 2015: ex ante hodnotenie  |b diplomová práca  |c Jana Desiatniková ; školiteľ: Mikuláš Černota 
264 1 |a Bratislava  |c 2016 
300 |a 80 s. 
100 1 |a Desiatniková, Jana 
700 1 |a Černota, Mikuláš, 1979- 
710 2 |a Fakulta medzinárodných vzťahov EU. Katedra medzinárodných ekonomických vzťahov a hospodárskej diplomacie